000 00575nam a22002297a 4500
003 UA-OsUOA
001 97127
007 ta
008 20130326b un ||||| |||| 00| 0 ukr d
100 _aОлдінгтон Р.
090 _a821.111
_bО-53
942 _cBK
040 _aUA-OsUOA
_bukr
_cUA-OsUOA
_dUA-OsUOA
245 _aСмерть героя
300 _a341 с.
955 _a3
041 _aukr
080 _a821.111
260 _aК.
_bДніпро
_c1988
650 7 _a82 Література. Літературознавство
_2UDC
999 _c383381
_d383381